etting up and running a small-scale dairy processing business (Record no. 153)

MARC details
000 -LEADER
fixed length control field 00643nam a2200157 4500
020 ## - INTERNATIONAL STANDARD BOOK NUMBER
ISBN 9789290813774
050 ## - CALL NUMBER
Classification number TX353
100 ## - AUTHOR
Personal name Axtell, B L
-- Fellows, P
110 ## - AUTHOR
CORPORATE AUTHOR Technical Centre for Agricultural and Rural Cooperation (Ede, Netherlands)
245 ## - TITLE
Title etting up and running a small-scale dairy processing business
Statement of responsibility, etc contributing authors, Barrie Axtell [and others] ; edited by Peter Fellows and Barrie Axtell.
260 ## - PUBLICATION INFORMATION
Place of publication Wageningen,
Name of publisher The Netherlands :
Year of publication CTA, 2008.
300 ## - DESCRIPTION
Number of Pages 187 pages :
Other physical details illustrations (some color) ;
Dimensions 25 cm.
500 ## - NOTES
General note INCLUDES INDEX
650 ## - SUBJECTS
Topical Term Small business.
-- Dairy processing.
942 ## - ADDED ENTRY ELEMENTS (KOHA)
Koha item type Books
Holdings
Withdrawn status Lost status Home library Current library Date acquired Full call number Accession Number Koha item type
    Methodist University Library Wenchi Faculty Methodist University Library Wenchi Faculty 13/10/2017 TX353 24798 Books
    Methodist University Library Wenchi Faculty Methodist University Library Wenchi Faculty 13/10/2017 TX353 31785 Books
    Methodist University Library Wenchi Faculty Methodist University Library Wenchi Faculty 13/10/2017 TX353 31224 Books
Copyright © 2026  MUG Library